Dental hygienist (Registro nro. 13769)
[ vista simple ]
| 000 -Cabecera | |
|---|---|
| Campo de control de longitud fija | 02121nam a22003857a 4500 |
| 005 - Fecha y hora de la última transacción | |
| Campo de control | 20251024174859.0 |
| 008 - Elementos de longitud fija--Información general | |
| Campo de control de longitud fija | 250408b |||||||| |||| 00| 0 eng d |
| 020 ## - International Standard Book Number | |
| Número Internacional Estándar del Libro (ISBN) | 9781471546617 |
| 041 ## - Idioma | |
| Código de idioma | Inglés |
| 082 ## - Clasificación Decimal Dewey | |
| Número de clasificación | 428.640.24 E92d |
| 100 ## - Entrada principal--Autor personal | |
| Nombre personal | Evans, Virginia |
| 9 (RLIN) | 2969 |
| 100 ## - Entrada principal--Autor personal | |
| Nombre personal | Dooley, Jenny |
| 9 (RLIN) | 27233 |
| 100 ## - Entrada principal--Autor personal | |
| Nombre personal | Apodaca, Craig |
| 245 ## - Título propiamente dicho | |
| Título | Dental hygienist |
| 260 ## - Pie de imprenta | |
| Lugar de publicación, distribución, etc. | Estados Unidos |
| 260 ## - Pie de imprenta | |
| Nombre del editor, distribuidor, etc. | Express Publishing |
| 260 ## - Pie de imprenta | |
| Fecha de publicación, distribución, etc. | 2016 |
| 300 ## - Descripción física | |
| Extensión | 100 páginas |
| 300 ## - Descripción física | |
| Otras características físicas | Ilustraciones y fotografías a color |
| 440 ## - Declaración de serie/asiento adicional--título | |
| Título de la serie | Career paths |
| 490 ## - Serie | |
| Título de la Serie | Mecánica Dental |
| -- | Temática General |
| 505 ## - Nota de contenido | |
| Nota de contenido | Table of contents: |
| 505 ## - Nota de contenido | |
| Nota de contenido | Book 1: Unit 1: Dental hygienist. Unit 2: Work settings. Unit 3: Dental personnel. Unit 4: In the practice. Unit 5: Dental specialtis. Unit 6: Dental hygienist instruments. Unit 7: The mouth. Unit 8: Tooth anatomy. Unit 9: Types of teeth. Unit 10: Oral health. Unit 11: Personal protective eqwuipment. Unit 12: Infection control. Unit 13: Dental records. Unit 14]: Patient health history. Unit 15: Oral care. |
| 505 ## - Nota de contenido | |
| Nota de contenido | Book 2: Unit 1: Dental prosthetics. Unit 2: Orthodontic appliances. Unit 3: Dental exams. Unit 4: Dental cleanings. Unit 5: Debridement. Unit 6: Flouride treatments. Unit 7: Sealants. Unit 8: Impressions. Unit 9: Radiograohy. Unit 10: Dental caries. Unit 11: Periodontal disease. Unit 12: Oral infections. Unit 13: TMJ problems. Unit 14: Oral cancer. Unit 15: Dental emergencies. |
| 505 ## - Nota de contenido | |
| Nota de contenido | Book 3: Unit 1: Medication. Unit 2: Anesthesia. Unit 3: Pediatric dentistry. Unit 4: Geriatric dentistry. Unit 5: Special needs patients. Unit 6: Chronic iliness. Unit 7: Patient anxiety. Unit 8: Hypersensivity. Unit 9: Communicating with patients. Unit 10: Vital signs. Unit 11: Case prosentation. Unit 12: Process of care. Unit 13: Nutritional counseling. Unit 14: Obtaining licensure. Unit 15: Ethics. |
| 650 ## - Materia general | |
| Temática (materia general) | ENSEÑANZA DEL INGLÉS |
| 650 ## - Materia general | |
| Temática (materia general) | VOCABULARY |
| 650 ## - Materia general | |
| Temática (materia general) | WRITING |
| 650 ## - Materia general | |
| Temática (materia general) | SPEAKING |
| 650 ## - Materia general | |
| Temática (materia general) | LISTENING |
| 650 ## - Materia general | |
| Temática (materia general) | READING |
| 942 ## - Punto de acceso adicional KOHA | |
| Fuente del sistema de clasificación o colocación | Dewey Decimal Classification |
| Tipo de ítem KOHA | Libro |
| Signatura completa | Código de barras | Programa Académico | Tipo de ítem |
|---|---|---|---|
| 428.640.24 E92d | 26019 | Libro | |
| 428.640.24 E92d | 26020 | Libro |